| 000 | 01805nam0a22004331 4500 | ||
|---|---|---|---|
| 001 | RU\NLR\A1SV\99336 | ||
| 005 | 20251204102410.0 | ||
| 035 | _a(NLR Aleph) 009780689 | ||
| 090 |
_a10094308 _c10094308 |
||
| 100 | _a20091202d1926 u y0rusy50 ca | ||
| 101 | 1 |
_arus _cger |
|
| 102 | _aRU | ||
| 200 | 1 |
_aЦветоведение _eПособие для химиков, физиков, естествоиспытателей, врачей, физиологов, психологов, колористов, цветовых техников, печатников, керамиков, красильщиков, ткачей, художников, кустарей, живописцев плакатов, рисовальщиков узоров, модистов _fВильгельм Оствальд _gПер. З.О.Мильмана, под ред. и с предисл. С.В.Кравкова, преп. Высш. худ. техн. мастерских в Москве |
|
| 210 |
_aМ. _aЛ. _cПромиздат _d1926 |
||
| 215 |
_a201, III с., 2 л. ил. _cчерт. _d27 см |
||
| 300 | _aНапеч. в Москве | ||
| 320 | _aБиблиогр. в предисл. | ||
| 620 | _dМосква | ||
| 620 | _dСанкт-Петербург | ||
| 700 | 1 |
_aОствальд _bВ. _f1853-1932 _gВильгельм |
|
| 702 | 1 |
_aМильман _bЗ.О. |
|
| 702 | 1 |
_aКравков _bС.В. |
|
| 801 | 0 |
_aRU _bNLR _c20091202 |
|
| 852 |
_aNLR _j21/493 |
||
| 852 |
_aNLR _j127/31 |
||
| 852 |
_aNLR _j124/151 |
||
| 852 |
_aNLR _jМф К1/5643 |
||
| 899 | _aДГПБ | ||
| 899 | _aСОУБ | ||
| 899 | _aКирОУНБ | ||
| 899 | _aAPL | ||
| 899 | _aРГБ | ||
| 899 | _aНГОУНБ | ||
| 899 | _aСПбГУ | ||
| 899 | _aМГУ | ||
| 942 | _cBOOK | ||
| 980 | _aA1SV | ||
| 980 | _aNB | ||